000 01301nam a2200229 a 4500
001 BRCA_8805
005 20190320210423.0
008 210417s1681----sp-#######---#000-0#spa-#
041 _aspa
044 _asp
084 _aBE186
_b.G37 1681
100 1 _aGarau, Francisco (S.I.)
_921944
245 1 0 _aEl olimpo del sabio instrvido de la naturaleza y segunda parte de las máximas políticas, y morales ilustradas con todo genero de erudición sacra, y humana
_cpor el R.P. Francisco Garau de la compañía de Jesús, catedrático de Prima de Teología Escolatica en el Colegio de Barcelona; al ilustrissimo, y reverendissimo S.D. Fr. Alonso de Sotomayor, por la gracia de Dios y de la Santa Sede Apostolica Arzobispo Obispo de Barcelona Del Consejo de su Magestad, &c; va a la fin un Indice de Materiales predicables.
260 _aBarcelona
_bEn la Imprenta de Antonio Ferrer, y Balthasar Ferrer, Libreros, Vendese en sus casas en la libreria
_c1681
300 _a[20], 512 p.
_c19.2 x 15 cm.
500 _aEstado físico: presenta encuadernación enpergamino, con cintas rotas y lomo desprendido
650 1 4 _aCosmología
_vTratados, manueales, etc.
_921945
700 1 _aSotomayor, Alonso de
_921946
700 1 _aFerrer y Balthasar, Antonio
_eImpresor
_921947
902 _aCFM
942 _2lcc
_cB
999 _c8456
_d8456